01305nam a22003377a 4500001001000000003000900010005001700019007000300036008003400039040005400073041001000127072001400137090001900151100001900170110010400189245012500293246012900418260003800547300001000585500007000595650001000665650001900675650001300694650002600707650001100733650001100744909003600755942000700791999001700798952015200815BR8600284BR-BrBNA20230928092219.0ta230509b bl.||||| |||| 00| 0 por d aBR-BrBNAbporcBiblioteca Nacional de Agricultura a(Por) aP06b8961  8961 BR86002841 aRodini, M.A.T.1 aEscola Superior de Agricultura Luiz de Queiroz, Piracicaba, SP (Brasil)0Tese (Mestre em Agronomia)1 aIsolamento, caracterizacao e identificacao de bacterias contaminantes de dornas de fermentacao nas destilarias de etanol1 aIsolation, characterization and identification of bacterial contaminants from fermentation tanks in the alcohol distilleries3 aPiracicaba, SP (Brasil): c1985.  a92 p. aSummaries (Eng, Por); 14 tables; Bibliography p. 79-92 (114 ref.) aMOSTO aCANA DE ACUCAR aBACTERIA aFERMENTACAO ALCOOLICA aALCOOL aETANOL a202309bLuciac55dLucia Elande cBK c37723d37723 002AGRIS40708AGROBASEa41918b41918l0o 8961 BR8600284p8961 BR8600284r2023-09-25t01yBK10d2023-09-25ePortaria Interministerial nÂș 164/94